Gestión práctica de empresas turísticas /

সংরক্ষণ করুন:
গ্রন্থ-পঞ্জীর বিবরন
অন্যান্য লেখক: Fernández de Tejada Muñoz, Victoria (autor) (autor)
বিন্যাস: গ্রন্থ
ভাষা:স্প্যানিশ
প্রকাশিত: Madrid, España : Universitas, 2002, c2002
বিষয়গুলি:
ট্যাগগুলো: ট্যাগ যুক্ত করুন
কোনো ট্যাগ নেই, প্রথমজন হিসাবে ট্যাগ করুন!

MARC

LEADER 00000nam^a2200000^a^4500
001 000180510
005 20250521000000.0
009 20260310101902.268
020 |a 84-7991-138-7 
037 |a Acervo ITESO - Biblioteca 
041 |a ESP 
082 |a 910. 1068  |b GES 
245 0 0 |a Gestión práctica de empresas turísticas /  |c V. Fernández de Tejada Muñoz... [et al.]. 
264 4 |a Madrid, España :  |b Universitas,  |c 2002, c2002 
300 |a 299 p. 
336 |a texto  |b txt  |2 rdacontenido 
337 |a sin mediación  |b n  |2 rdamedio 
338 |a volumen  |b nc  |2 rdasoporte 
649 |a XX 
650 |a Turismo -  |x Administración 
650 |a Sector Servicios -  |x Administración 
650 |a Proceso Administrativo -  |x Dirección 
650 |a Prestación del Servicio 
650 |a Proceso de Producción 
650 |a Administración Financiera 
650 |a Administración de Sueldos y Salarios 
650 |a Recursos Humanos 
650 |a Comunicación Organizacional 
650 |a Mercadotecnia 
650 |a Ciencias Administrativas 
700 |a Fernández de Tejada Muñoz, Victoria  |e (autor) 
910 |a Fondo General 
920 |a Impresos - Libros 
930 |a Colección General 
905 |a 101 
901 |a 0500119834  |b IT1  |c ACC  |u 20250521 
902 |a https://opac.biblio.iteso.mx/vufind/Record/000180510